|
|
|
|
| LEADER |
01147nam a2200277 u 4500 |
| 001 |
10002293 |
| 003 |
GR-PaULI |
| 005 |
20210117203407.0 |
| 008 |
881025s1991 us eng |
| 020 |
|
|
|a 0306438836
|
| 040 |
|
|
|a GR-PaULI
|c GR-PaULI
|b gre
|e AACR2
|
| 082 |
0 |
4 |
|a 534
|2 23
|
| 111 |
|
|
|9 163419
|a International Symposium on Physical Acoustics
|c Kortrijk, Belgium)
|d (1990 :
|
| 245 |
1 |
0 |
|a Physical acoustics :
|b fundamentals and applications /
|c edited by Oswald Leroy and Mack A. Breazeale.
|
| 260 |
|
|
|a New York :
|b Plenum Press,
|c 1991.
|
| 300 |
|
|
|a xiv, 737 σ. :
|b εικ. ;
|c 26 εκ.
|
| 500 |
|
|
|a Περιλαμβάνει ευρετήριο.
|
| 505 |
1 |
|
|a
|
| 650 |
|
4 |
|a Ακουστική
|x Συνέδρια
|9 104800
|
| 650 |
|
0 |
|a Ήχος
|9 92360
|
| 700 |
1 |
|
|a Breazeale, Mack A.
|9 108337
|e επιμελητής.
|
| 700 |
1 |
|
|a Leroy, Oswald
|9 108338
|e επιμελητής.
|
| 942 |
|
|
|2 ddc
|c BK15
|
| 952 |
|
|
|0 0
|1 0
|2 ddc
|4 0
|6 534_000000000000000_INT
|7 0
|9 113874
|a LISP
|b LISP
|c BSC
|d 2016-04-24
|i 11577
|l 1
|o 534 INT
|p 025000093288
|r 2022-03-14 00:00:00
|s 2022-02-25
|t 1
|y BK15
|
| 998 |
|
|
|c ΜΠΟΥΡΑΣ
|d 2017-07
|
| 999 |
|
|
|c 76073
|d 76073
|